Extraction 2018 (Record no. 1632983)

MARC details
000 -LEADER
fixed length control field 01081nam a2200265Ia 4500
005 - DATE AND TIME OF LATEST TRANSACTION
control field 20260121170719.0
008 - FIXED-LENGTH DATA ELEMENTS--GENERAL INFORMATION
fixed length control field 008 260114s9999 xx 000 0 eng d
020 ## - INTERNATIONAL STANDARD BOOK NUMBER
International Standard Book Number 9783319950228
037 ## - SOURCE OF ACQUISITION
Stock number EBOOK
040 ## - CATALOGING SOURCE
Original cataloging agency CRL
040 ## - CATALOGING SOURCE
Language of cataloging eng
040 ## - CATALOGING SOURCE
Transcribing agency CRL
041 ## - LANGUAGE CODE
Source of code eng
041 ## - LANGUAGE CODE
Language code of text/sound track or separate title eng
084 ## - COLON CLASSIFICATION NUMBER
Assigning agency CRL
100 ## - MAIN ENTRY--PERSONAL NAME
Personal name Boyd R. Davis, Michael S. Moats, Shijie Wang, Dean Gregurek, Joël Kapusta, Thomas P. Battle, Mark E. Schlesinger, Gerardo Raul Alvear Flores, Evgueni Jak, Graeme Goodall, Michael L. Free, Edouard Asselin, Alexandre Chagnes, David Dreisinger, Matthew Jeffrey, Jaeheon Lee, Graeme Miller, Jochen Petersen, Virginia S. T. Ciminelli, Qian Xu, Ronald Molnar, Jeff Adams, Wenying Liu, Niels Verbaan, John Goode, Ian M. London, Gisele Azimi, Alex Forstner, Ronel Kappes, Tarun Bhambhani
9 (RLIN) 1067253
245 #0 - TITLE STATEMENT
Title Extraction 2018
260 ## - PUBLICATION, DISTRIBUTION, ETC.
Name of publisher, distributor, etc. Springer
260 ## - PUBLICATION, DISTRIBUTION, ETC.
Name of publisher, distributor, etc. Springer
260 ## - PUBLICATION, DISTRIBUTION, ETC.
Date of publication, distribution, etc. 2018
856 ## - ELECTRONIC LOCATION AND ACCESS
Uniform Resource Identifier <a href="https://link.springer.com/openurl?genre=book&isbn=978-3-319-95022-8">https://link.springer.com/openurl?genre=book&isbn=978-3-319-95022-8</a>
942 ## - ADDED ENTRY ELEMENTS (KOHA)
Koha item type eBooks
Holdings
Withdrawn status Lost status Damaged status Not for loan Home library Current library Date acquired Total Checkouts Barcode Date last seen Price effective from Koha item type
        Central Library Central Library 2026-01-21   CL1744061 2026-01-21 2026-01-21 eBooks
Copyright @ Delhi University Library System